<?xml version="1.0" encoding="UTF-8"?>
<record
    xmlns:xsi="http://www.w3.org/2001/XMLSchema-instance"
    xsi:schemaLocation="http://www.loc.gov/MARC21/slim http://www.loc.gov/standards/marcxml/schema/MARC21slim.xsd"
    xmlns="http://www.loc.gov/MARC21/slim">

  <leader>01076nam a22002657a 4500</leader>
  <controlfield tag="001">71583</controlfield>
  <controlfield tag="003">BD-RjUL</controlfield>
  <controlfield tag="005">20211209082131.0</controlfield>
  <controlfield tag="008">170506s1988    bg a|||| |||| 00| 0 ben d</controlfield>
  <datafield tag="020" ind1=" " ind2=" ">
    <subfield code="c"> : Tk. 15.00</subfield>
  </datafield>
  <datafield tag="035" ind1=" " ind2=" ">
    <subfield code="a">(BD-RjUL)71799</subfield>
  </datafield>
  <datafield tag="040" ind1=" " ind2=" ">
    <subfield code="a">BD-RjUL</subfield>
    <subfield code="b">ben</subfield>
    <subfield code="c">BD-RjUL</subfield>
  </datafield>
  <datafield tag="041" ind1=" " ind2=" ">
    <subfield code="a">ben</subfield>
  </datafield>
  <datafield tag="082" ind1=" " ind2=" ">
    <subfield code="2">23</subfield>
    <subfield code="a">907.202092</subfield>
    <subfield code="b">CHR 1988</subfield>
  </datafield>
  <datafield tag="100" ind1="1" ind2=" ">
    <subfield code="a">&#x99A;&#x9CC;&#x9A7;&#x9C1;&#x9B0;&#x9C0;, &#x9B8;&#x9BE;&#x987;&#x9AB;&#x9C1;&#x9A6;&#x9CD;&#x9A6;&#x9BF;&#x9A8;</subfield>
    <subfield code="9">119393</subfield>
  </datafield>
  <datafield tag="245" ind1="1" ind2="0">
    <subfield code="a">&#x9B0;&#x9AE;&#x9BE;&#x9AA;&#x9CD;&#x9B0;&#x9B8;&#x9BE;&#x9A6; &#x99A;&#x9A8;&#x9CD;&#x9A6; :</subfield>
    <subfield code="b">&#x9E7;&#x9EE;&#x9ED;&#x9E9;-&#x9E7;&#x9EF;&#x9EA;&#x9E8; /</subfield>
    <subfield code="c">&#x9B8;&#x9BE;&#x987;&#x9AB;&#x9C1;&#x9A6;&#x9CD;&#x9A6;&#x9BF;&#x9A8; &#x99A;&#x9CC;&#x9A7;&#x9C1;&#x9B0;&#x9C0;.</subfield>
  </datafield>
  <datafield tag="260" ind1=" " ind2=" ">
    <subfield code="a">&#x9A2;&#x9BE;&#x995;&#x9BE; :</subfield>
    <subfield code="b">&#x9AC;&#x9BE;&#x982;&#x9B2;&#x9BE; &#x98F;&#x995;&#x9BE;&#x9A1;&#x9C7;&#x9AE;&#x9C0;,</subfield>
    <subfield code="c">&#x9E7;&#x9EF;&#x9EE;&#x9EE;.</subfield>
  </datafield>
  <datafield tag="300" ind1=" " ind2=" ">
    <subfield code="a">&#x9EC;&#x9EB; &#x9AA;&#x9C3;. :</subfield>
    <subfield code="b">&#x99A;&#x9BF;&#x9A4;&#x9CD;&#x9B0; ;</subfield>
    <subfield code="c">&#x9E8;&#x9E8; &#x9B8;&#x9C7;&#x9AE;&#x9BF;.</subfield>
  </datafield>
  <datafield tag="490" ind1=" " ind2=" ">
    <subfield code="a">&#x99C;&#x9C0;&#x9AC;&#x9A8;&#x9C0; &#x997;&#x9CD;&#x9B0;&#x9A8;&#x9CD;&#x9A5;&#x9AE;&#x9BE;&#x9B2;&#x9BE;</subfield>
  </datafield>
  <datafield tag="600" ind1=" " ind2=" ">
    <subfield code="a">&#x99A;&#x9A8;&#x9CD;&#x9A6;, &#x9B0;&#x9AE;&#x9BE;&#x9AA;&#x9CD;&#x9B0;&#x9B8;&#x9BE;&#x9A6;</subfield>
    <subfield code="d">&#x9E7;&#x9EE;&#x9ED;&#x9E9;-&#x9E7;&#x9EF;&#x9EA;&#x9E8;</subfield>
    <subfield code="x">&#x99C;&#x9C0;&#x9AC;&#x9A8;&#x9C0;</subfield>
    <subfield code="9">211818</subfield>
  </datafield>
  <datafield tag="600" ind1=" " ind2=" ">
    <subfield code="a">Chand, Ramaprasad</subfield>
    <subfield code="d">1873-1942</subfield>
    <subfield code="x">Biography</subfield>
    <subfield code="9">211819</subfield>
  </datafield>
  <datafield tag="650" ind1=" " ind2=" ">
    <subfield code="a">Historians</subfield>
    <subfield code="9">211816</subfield>
  </datafield>
  <datafield tag="830" ind1=" " ind2=" ">
    <subfield code="a">&#x99C;&#x9C0;&#x9AC;&#x9A8;&#x9C0; &#x997;&#x9CD;&#x9B0;&#x9A8;&#x9CD;&#x9A5;&#x9AE;&#x9BE;&#x9B2;&#x9BE;</subfield>
    <subfield code="9">211820</subfield>
  </datafield>
  <datafield tag="942" ind1=" " ind2=" ">
    <subfield code="2">ddc</subfield>
    <subfield code="c">BK</subfield>
  </datafield>
  <datafield tag="999" ind1=" " ind2=" ">
    <subfield code="c">71583</subfield>
    <subfield code="d">71583</subfield>
  </datafield>
  <datafield tag="952" ind1=" " ind2=" ">
    <subfield code="0">0</subfield>
    <subfield code="1">0</subfield>
    <subfield code="2">ddc</subfield>
    <subfield code="4">0</subfield>
    <subfield code="7">1</subfield>
    <subfield code="8">NFIC</subfield>
    <subfield code="a">RUCL</subfield>
    <subfield code="b">RUCL</subfield>
    <subfield code="c">Reading</subfield>
    <subfield code="d">1990-06-12</subfield>
    <subfield code="e">Dhaka, Bangla Academy</subfield>
    <subfield code="g">45.00</subfield>
    <subfield code="l">0</subfield>
    <subfield code="o">B 907.202092 CHR 1988</subfield>
    <subfield code="r">2017-05-06 00:00:00</subfield>
    <subfield code="t">C-1</subfield>
    <subfield code="w">2017-05-06</subfield>
    <subfield code="y">BK</subfield>
  </datafield>
</record>
